Trouves la célebrité - Statistiques

Statistiques générales
  • Ce quiz a été pris 23 fois
  • Le résultat moyen est 6 sur 15
Statistiques - réponses
Hint Réponse % Correct
Cédric Grolard Cédric Grolet
80%
Maitre gymnaste Maitre Gims
80%
Victoire de Hugo Victor Hugo
70%
Raphael a la dalle Raphael Nadal
60%
Long Musik Elon Musk
55%
The Monday The Weeknd
45%
Drague Drake
40%
Y'a un bon appart à Naples Napoléon Bonaparte
40%
Pepsi Lionel Messi
25%
Poulet Curry Marie Curie
20%
Wah le buffet ! Warren Buffet
20%
Il est gaté ! Bill Gates
15%
Une maison au Bahamas Barack Obama
10%
S'ebranler LeBron James
10%
Timothé Chameau Thimothée Chalamet
5%
Aucun quiz correspondant
Distribution des résultats
% des personnes avec chaque résultat
Percentile par nombre de réponses
Votre historique - résultats
Vous n’avez pas pris ce quiz